000 00594nam a2200181Ia 4500
003 GCL
008 140319s9999 xx 000 0 ara d
040 _aGCL /
_cGCL
082 0 4 _a327.1011
_bاع
100 1 _aاحمد عباس عبدالبديع
245 1 0 _aالعلاقات الدولية: اصولها وقضاياها المعاصرة /
_cاحمد عباس عبدالبديع
260 _a[S.N] :
_bمكتبة عين شمس ،
_c1988
300 _a336 ص
490 _a
650 0 4 _aالسياسة الدولية
650 0 4 _aالعلاقات الخارجية
942 _2ddc
_cBK
999 _c55069
_d55069